Area 51 Map Quiz - Statistics

General Stats
  • This quiz has been taken 84 times
    81 since last reset
  • The average score is 2 of 51
Answers on the Map
Answers color-coded by a green-red scale on the quiz's map according to % correct below.
 
Answer Stats
Answer % Correct
       Area 51       
17%
Groom Lake
12%
Nevada Test Site
12%
Pahute Airstrip
12%
US-95
10%
East Gate
7%
Frenchman Flat
7%
Mercury
7%
Unnamed Lake
7%
Yucca Flat
7%
Aqueduct Mesa
6%
EPA Test Farm
6%
Rainier Mesa
6%
Area 1
4%
Area 5
4%
Area 23
3%
Area 3
3%
Bald Mountain
3%
Desert Rock Airport
3%
Pahute Mesa
3%
Pahute Mesa
3%
Project 57
3%
Shoestone Mountain
3%
Area 19
1%
Area 20
1%
Area 22
1%
Area 26
1%
Area 27
1%
Area 4
1%
Area 9
1%
Climax Stock Testing Area
1%
Pahute Control Point
1%
Papoose Lake
1%
Shoestone
1%
Yucca Lake
1%
Area 10
0%
Area 11
0%
Area 12
0%
Area 14
0%
Area 15
0%
Area 16
0%
Area 17
0%
Area 18
0%
Area 2
0%
Area 25
0%
Area 29
0%
Area 30
0%
Area 6
0%
Area 7
0%
Area 8
0%
Dome Mountain
0%
No matching quizzes found
Score Distribution
Percent of People with Each Score
Percentile by Number Answered
Your Score History
You have not taken this quiz since the last reset